Ciri-ciri ahli syurga

Bibliographic Details
Main Author: As'adi Muhammad
Format: Book
Published: Selangor : Al-Hidayah Pub , 2017
Subjects:

MARC

LEADER 00000cam a2200000 7i4500
001 0000076972
005 20171210.0
008 171210
020 |a 9674390812 
020 |a 9789674390815 
041 1 |a Bahasa Malayu 
090 0 0 |a 297.648   |b ASA 
100 0 |a As'adi Muhammad 
245 1 0 |a Ciri-ciri ahli syurga   |c As'adi Muhammad 
260 |a Selangor :   |b Al-Hidayah Pub ,   |c 2017 
500 |a Pembelian 2017 
650 0 |a Muslim   |x Conduct of life 
999 |a 0001493333   |b Book   |c Adult Collection   |e Cawangan Pontian 
999 |a 0001493334   |b Book   |c Adult Collection   |e Cawangan Sri Merlong 
999 |a 0001493335   |b Book   |c Adult Collection   |e Cawangan Batu Pahat 
999 |a 0001493336   |b Book   |c Adult Collection   |e Cawangan Mersing 
999 |a 0001493337   |b Book   |c Adult Collection   |e Cawangan Muar 
999 |a 0001493338   |b Book   |c Adult Collection   |e Cawangan Taman Sri Lambak 
999 |a 0001493339   |b Book   |c Adult Collection   |e Cawangan Bandar Tenggara 
999 |a 0001493340   |b Book   |c Adult Collection   |e Cawangan Tangkak 
999 |a 0001493341   |b Book   |c Adult Collection   |e Cawangan Segamat 
999 |a 0001493342   |b Book   |c Adult Collection   |e Cawangan Bukit Gambir 
999 |a 0001493343   |b Book   |c Adult Collection   |e Cawangan Kota Tinggi 
999 |a 0001493344   |b Book   |c Adult Collection   |e Cawangan Bandar Penawar 
999 |a 0001493345   |b Book   |c Adult Collection   |e Cawangan Tmn. Ungku Tun Aminah 
999 |a 0001494789   |b Book   |c Adult Collection   |e Cawangan Urban Transformation Centre 
999 |a 0001494790   |b Book   |c Adult Collection   |e Cawangan AEON Kulaijaya 
999 |a 0001494791   |b Book   |c Adult Collection   |e Perbadanan Perpustakaan Awam Johor 
999 |a 0001494792   |b Book   |c Adult Collection   |e Perbadanan Perpustakaan Awam Johor